LEADER 01521nam a2200325 i 4500 001 000000091520 003 CaOOAMICUS 005 20230904143939.0 008 160224s1738 fr u000 u lat u 026 $a*-s: e-i- m.a- resc (3) 1738 (R) 040 $aSeMil$bita 110 2 $aCertosini.$0(OLS)http://semarc/name/37868 245 10$aLiber epistolarum totius anni ad usum Ordinis cartusiensis. 264 1$aCorreriae :$bTypis Antonij Fremon,$c1738. 300 $a463, [1] p. ;$c12°. 500 $aPer l'Editore, vedi Répertoire bibliographique des livres imprimés en France au 17. siècle, v. 8, La Correrie Nr. 12 e altra emissione in 3K-I-77 FA 500 $aFregio xilogr. sul front. 500 $aIniz., testatine xilogr. 500 $aSegn.: A-2F? 650 4$aLiturgia - Lezionari.$0(OLS)http://semarc/subject/7344 650 4$aCertosini - Lezionari.$0(OLS)http://semarc/subject/16687 650 4$aCertosini - Breviari, messali, processionali, collettari, etc.$0(OLS)http://semarc/subject/16573 700 1 $aFrémon, Antoine,$c.$0(OLS)http://semarc/name/40810 850 $aSeMil 852 $aSeMil$W1$xVenegono$y1$m3K I 46 FA$j54469$B54469$CSeMilBibl$Z2$F59121 $8I 910 2 $aOrdo monachorum Cartusiensium. 996 $6245$aLiber epistolarum totius anni ad usum Ordinis cartusiensis$9(OLS)http://semarc/title/137668 996 $6264$aCorreriae :$bTypis Antonij Fremon$9(OLS)http://semarc/publisher/43860 LEADER 01133nam a2200277 i 4500 001 000000119402 003 CaOOAMICUS 005 20190628121337.0 008 031024s1971 it u000 u ita u 013 $a92095 040 $aSeMil$bita 100 1 $aMarcus : Diaconus.$0(OLS)http://semarc/name/49782 245 10$aVita di San Porfirio /$cMarco Diacono. 260 $aJerusalem :$bFranciscan Printing Press,$c[1971] 300 $a93 p. :$bill. ;$c24 cm. 490 0 $aQuaderni de La Terra Santa 500 $aManca il front. - Per la descrizione, cfr. SBN. - Fondo Card. C.M. Martini. 600 04$aPorfirio : di Gaza .$0(OLS)http://semarc/subject/3622 830 0$aQuaderni de La Terra Santa.$0(OLS)http://semarc/title/13609 850 $aSeMil 852 $aSeMil$W1$xVenegono$y1$m3H IV 56$j74613$B74613$CSeMilBibl$Z2$F94236 $81 941 1 $a4 961 $aOmaggio: Martini Card. Carlo Maria 996 $6245$aVita di San Porfirio$9(OLS)http://semarc/title/175455 996 $6260$aJerusalem :$bFranciscan Printing Press$9(OLS)http://semarc/publisher/31947